| 000 | 00598nam a2200145Ia 4500 | ||
|---|---|---|---|
| 008 | 170221s9999 xx 000 0 und d | ||
| 100 | _aCleophus Gaines | ||
| 245 | _aInformation systems as a strategic partner in organizational performance | ||
| 245 | _cCleophus Gaines, Troy University; David Hoover, Troy University; William Foxx, Troy University; Tish Matuszek, Troy University; Rodger Morrison, Troy University. | ||
| 260 | _bJournal of Management and Marketing Research | ||
| 260 | _c2012 | ||
| 300 | _a1 : 1 | ||
| 650 | _xBusiness | ||
| 856 | _uhttp://www.aabri.com/manuscripts/11997.pdf | ||
| 999 |
_c313384 _d313384 |
||